=LDR 00000nam 2200000 4500 =001 INLIS000000000035827 =005 20130612141644 =008 ***********************************Ind** =035 ##$$0010-061300000035827 =041 ##$$a Ind =082 ##$$a 028 =090 ##$$a 028.5, Tha k =100 ##$$a Thahir,Sumarti M =245 ##$$a Khubaid Bin Adi, Yang Mati di Ujung Panah, Sumarti M.Thahir =260 ##$$a 1995 $b Jakarta =300 ##$$a 23 hlm., ilus. , 18 cm =650 ##$$a Bacaan Kanak-Kanak =850 ##$$a NBPNMAT